Leaf strom and other stories (Record no. 222948)

MARC details
000 -LEADER
fixed length control field 01698nam a22002177a 4500
005 - DATE AND TIME OF LATEST TRANSACTION
control field 20260306101300.0
008 - FIXED-LENGTH DATA ELEMENTS--GENERAL INFORMATION
fixed length control field 220516b ||||| |||| 00| 0 eng d
020 ## - INTERNATIONAL STANDARD BOOK NUMBER
International Standard Book Number 0330256882
040 ## - CATALOGING SOURCE
Transcribing agency AL
041 ## - LANGUAGE CODE
Language code of text/sound track or separate title English
082 ## - DEWEY DECIMAL CLASSIFICATION NUMBER
Edition number 23
Classification number 863
Item number MARL
100 ## - MAIN ENTRY--PERSONAL NAME
Personal name Gabriel Garcia Marquez
100 ## - MAIN ENTRY--PERSONAL NAME
9 (RLIN) 257943
245 ## - TITLE STATEMENT
Title Leaf strom and other stories
260 ## - PUBLICATION, DISTRIBUTION, ETC.
Place of publication, distribution, etc. London
Name of publisher, distributor, etc. Pan Books
Date of publication, distribution, etc. 1979
300 ## - PHYSICAL DESCRIPTION
Extent 146 p.
Other physical details PB
Dimensions 20x13 cm.
520 ## - SUMMARY, ETC.
Summary, etc. Contains the Novella Leaf Storm: 'SUDDENLY, AS IF A WHIRLWIND HAD SET DOWN ROOTS IN THE CENTRE OF THE TOWN, THE BANANA COMPANY ARRIVED, PURSUED BY THE LEAF STORM'<br/>As a blizzard of warehouses and amusement parlours and slums descends on the small town of Macondo, the inhabitants reel at the accompanying stench of rubbish that makes their home unrecognisable. When the banana company leaves town as fast as it arrived, all they are left with is a void of decay.<br/>Living in this devastated and soulless wasteland is one last honourable man, the Colonel, who is determined to fulfil a long standing promise, no matter how unpalatable it may be. With the death of the detested Doctor, he must provide an honourable burial - and incur the wrath of the rest of Macondo, who would rather see the Doctor rot, forgotten and unattended.<br/>Also contains the stories: The Handsomest Drowned Man in the World, A Very Old Man With Enormous Wings, Blacaman the Good, Vendor of Miracles, The Last Voyage of the Ghost Ship, Monologue of Isabel Watching It Rain in Macondo, Nabo
650 ## - SUBJECT ADDED ENTRY--TOPICAL TERM
Topical term or geographic name entry element Macondo (Imaginary place) -- Fiction
9 (RLIN) 37359
650 ## - SUBJECT ADDED ENTRY--TOPICAL TERM
Topical term or geographic name entry element Spanish fiction -- 20th century -- Translations into English
9 (RLIN) 37360
700 ## - ADDED ENTRY--PERSONAL NAME
Personal name Rabassa Gregory Tr
9 (RLIN) 37362
942 ## - ADDED ENTRY ELEMENTS (KOHA)
Source of classification or shelving scheme Dewey Decimal Classification
Koha item type George Fernandes Collections
Holdings
Withdrawn status Lost status Source of classification or shelving scheme Damaged status Not for loan Collection code Home library Current library Date acquired Total Checkouts Full call number Barcode Date last seen Price effective from Koha item type
    Dewey Decimal Classification     English St Aloysius Library St Aloysius Library 03/24/2013   863 MARL GF02363 05/16/2022 05/16/2022 George Fernandes Collections